[Event "TUR-chT 2nd League"]
[Site "Konya"]
[Date "2019.07.28"]
[Round "9.10"]
[White "Ozcelik, Ozan"]
[Black "Oztekin, Mehmet Metin"]
[Result "0-1"]
[WhiteElo "1675"]
[BlackElo "1866"]
[PlyCount "80"]
[EventDate "2019.07.22"]
[EventType "team-swiss"]
[EventRounds "9"]
[EventCountry "TUR"]
[SourceTitle "CBM 191 Extra"]
[Source "ChessBase"]
[SourceDate "2019.09.30"]
[SourceVersion "1"]
[SourceVersionDate "2019.09.30"]
[SourceQuality "1"]
[WhiteTeam "Samsun Gercek"]
[BlackTeam "Ceylanpinar Genclik"]
[WhiteTeamCountry "TUR"]
[BlackTeamCountry "TUR"]

1. e4 c5 2. Nf3 Nc6 3. d4 cxd4 4. Nxd4 g6 5. Be3 Bg7 6. Nc3 Nf6 7. f3 0-0 8. Bc4 Qb6 9. Ncb5 a6 10. Nf5 Qd8 11. Nxg7 axb5 12. Bb3 Kxg7 13. Qd2 Kg8 14. h4 Ne5 15. h5 Qa5 16. c3 Nc4 17. Bxc4 bxc4 18. g4 d6 19. a3 Nd7 20. 0-0-0 Ne5 21. Qh2 g5 22. Rd5 Qc7 23. Bxg5 Be6 24. Rdd1 Nxf3 25. Qf4 Nxg5 26. Qxg5+ Kh8 27. Rhg1 Rfe8 28. Qh4 f6 29. g5 Qc5 30. g6 h6 31. Kb1 Kg7 32. Rgf1 Ra5 33. e5 dxe5 34. Qe4 Qc6 35. Qh4 Rd5 36. Rde1 Red8 37. Qh1 Qb5 38. Qg1 Qb3 39. Ka1 Bf5 40. Qh2 Rd1+ 0-1

[Event "TUR-chT 2nd League"]
[Site "Konya"]
[Date "2019.07.23"]
[Round "2.12"]
[White "Oztekin, Mehmet Metin"]
[Black "Ergani, Efe"]
[Result "1-0"]
[WhiteElo "1866"]
[BlackElo "1767"]
[PlyCount "85"]
[EventDate "2019.07.22"]
[EventType "team-swiss"]
[EventRounds "9"]
[EventCountry "TUR"]
[SourceTitle "CBM 191 Extra"]
[Source "ChessBase"]
[SourceDate "2019.09.30"]
[SourceVersion "1"]
[SourceVersionDate "2019.09.30"]
[SourceQuality "1"]
[WhiteTeam "Ceylanpinar Genclik"]
[BlackTeam "Hayat Genclik"]
[WhiteTeamCountry "TUR"]
[BlackTeamCountry "TUR"]

1. e4 c5 2. Nf3 d6 3. b3 Nf6 4. e5 dxe5 5. Nxe5 Nbd7 6. Bb2 e6 7. Bb5 a6 8. Bxd7+ Nxd7 9. 0-0 Bd6 10. Nc4 Bc7 11. Qg4 Rg8 12. a4 Nf6 13. Qf3 Qd5 14. Qe2 Qh5 15. Qxh5 Nxh5 16. Nc3 Nf6 17. a5 Bd7 18. Ba3 Rc8 19. Rae1 g5 20. g3 Bb8 21. Nb6 Rc6 22. Re3 Ng4 23. Re4 Ne5 24. Rd1 f5 25. Re3 c4 26. Rde1 Ng4 27. R3e2 cxb3 28. cxb3 Bd6 29. Rxe6+ Bxe6 30. Rxe6+ Kf7 31. Rxd6 Ne5 32. Rd5 Ke6 33. f4 gxf4 34. Ne2 Ng6 35. Nd4+ Kf6 36. Rxf5+ Kg7 37. Nxc6 bxc6 38. Bb2+ Kh6 39. g4 Ne7 40. Rxf4 Kg5 41. Rf7 Ng6 42. h3 Kh4 43. Kh2 1-0

[Event "TUR-chT2"]
[Site "Konya"]
[Date "2018.07.15"]
[Round "9.3"]
[White "Oztekin, Mehmet Metin"]
[Black "Ozturk, Efe Hakan"]
[Result "1/2-1/2"]
[WhiteElo "1859"]
[BlackElo "1908"]
[PlyCount "65"]
[EventDate "2018.07.10"]
[EventType "team-swiss"]
[EventRounds "9"]
[EventCountry "TUR"]
[SourceTitle "EXT 2019"]
[Source "ChessBase"]
[SourceDate "2018.10.10"]
[SourceVersion "1"]
[SourceVersionDate "2018.10.10"]
[SourceQuality "1"]
[WhiteTeam "Ceylanpinar Belediyesi"]
[BlackTeam "Izmir Apaydin Dernegi"]
[WhiteTeamCountry "TUR"]
[BlackTeamCountry "TUR"]

1. e4 c5 2. Nf3 d6 3. d4 cxd4 4. Nxd4 Nf6 5. Nc3 g6 6. Be3 Bg7 7. Bb5+ Bd7 8. Be2 Nc6 9. 0-0 0-0 10. Nxc6 Bxc6 11. Bf3 a6 12. Nd5 Bxd5 13. exd5 Nd7 14. c3 Ne5 15. Be2 Qc7 16. Bd4 Rac8 17. Bxe5 Bxe5 18. g3 Kg7 19. Bg4 Rcd8 20. Bf3 Bf6 21. Re1 Qc4 22. Re4 Qc5 23. Qb3 b5 24. Rae1 Rc8 25. Kg2 Rc7 26. a3 h6 27. h4 Rb8 28. Qd1 Rbc8 29. Bg4 Rh8 30. Qb3 h5 31. Bf3 Rd8 32. Qd1 Rh8 33. Qb3 1/2-1/2

[Event "TUR-chT2"]
[Site "Konya"]
[Date "2018.07.12"]
[Round "5.2"]
[White "Demirbas, Fatih"]
[Black "Oztekin, Mehmet Metin"]
[Result "1-0"]
[WhiteElo "1733"]
[BlackElo "1859"]
[PlyCount "57"]
[EventDate "2018.07.10"]
[EventType "team-swiss"]
[EventRounds "9"]
[EventCountry "TUR"]
[SourceTitle "EXT 2019"]
[Source "ChessBase"]
[SourceDate "2018.10.10"]
[SourceVersion "1"]
[SourceVersionDate "2018.10.10"]
[SourceQuality "1"]
[WhiteTeam "Trabzon Feda"]
[BlackTeam "Ceylanpinar Belediyesi"]
[WhiteTeamCountry "TUR"]
[BlackTeamCountry "TUR"]

1. e4 c5 2. c3 Nc6 3. d4 cxd4 4. cxd4 d5 5. exd5 Qxd5 6. Nf3 Bg4 7. Be2 e6 8. h3 Bh5 9. 0-0 Nf6 10. Nc3 Qd8 11. Qb3 Rb8 12. Rd1 Bd6 13. d5 exd5 14. Nxd5 h6 15. Qe3+ Kf8 16. Nf4 Bxf3 17. Bxf3 Qc7 18. Nd5 Nxd5 19. Bxd5 Re8 20. Qb3 Qe7 21. Be3 Qe5 22. Qxb7 Ne7 23. Bb3 h5 24. Qd7 Qh2+ 25. Kf1 Bf4 26. Ba4 Nc6 27. Bc5+ Kg8 28. Qxe8+ Kh7 29. Bc2+ 1-0

[Event "Malatya Golden Apricot op 4th"]
[Site "Malatya"]
[Date "2016.08.21"]
[Round "1"]
[White "Ozer, Omer Faruk"]
[Black "Oztekin, Mehmet Metin"]
[Result "1/2-1/2"]
[WhiteElo "2360"]
[BlackElo "1804"]
[PlyCount "120"]
[EventDate "2016.08.21"]
[EventType "swiss"]
[EventRounds "9"]
[EventCountry "TUR"]
[SourceTitle "CBM 174 Extra"]
[Source "ChessBase"]
[SourceDate "2016.10.10"]
[SourceVersion "1"]
[SourceVersionDate "2016.10.10"]
[SourceQuality "1"]

1. e4 c5 2. Nf3 Nc6 3. d4 cxd4 4. Nxd4 g6 5. c4 Bg7 6. Be3 Nf6 7. Nc3 d6 8. Be2 0-0 9. 0-0 Bd7 10. Qd2 Ng4 11. Bxg4 Bxg4 12. Nxc6 bxc6 13. Bh6 Be6 14. Bxg7 Kxg7 15. Kh1 f6 16. b3 Qa5 17. f4 Rad8 18. Rae1 Bc8 19. Qb2 Qc7 20. Qa3 a6 21. Rd1 e6 22. h3 c5 23. Rd2 Bb7 24. Qb2 Kg8 25. f5 gxf5 26. exf5 e5 27. Nd5 Qg7 28. b4 cxb4 29. Qxb4 Kh8 30. Rff2 Rg8 31. Ne3 Be4 32. Qc3 Qh6 33. Nd5 Qh4 34. Kh2 Bxd5 35. cxd5 Rc8 36. Qa3 Rc5 37. Rf1 Qg5 38. Rff2 a5 39. Qf3 Rc1 40. Rde2 Rc4 41. Rc2 e4 42. Qb3 e3 43. Qxc4 Qg3+ 44. Kg1 exf2+ 45. Rxf2 Re8 46. Rf1 Rg8 47. Rf2 Qxh3 48. Qf4 Qc3 49. Qxd6 Qd4 50. Qf4 Qxd5 51. Rd2 Qc5+ 52. Kh2 Qc1 53. Qd4 Qc7+ 54. Kg1 Qg7 55. a4 Qg5 56. Rf2 Qc1+ 57. Rf1 Qg5 58. Qe4 Rg7 59. Rd1 Rg8 60. Qf3 Re8 1/2-1/2

[Event "TUR Cup 1516"]
[Site "Manavgat"]
[Date "2016.02.06"]
[Round "11"]
[White "Oztekin, Mehmet Metin"]
[Black "Reyhan, Zeynel"]
[Result "1-0"]
[WhiteElo "1903"]
[BlackElo "1699"]
[PlyCount "62"]
[EventDate "2016.01.30"]
[EventType "swiss"]
[EventRounds "11"]
[EventCountry "TUR"]
[SourceTitle "EXT 2018"]
[Source "ChessBase"]
[SourceDate "2017.10.13"]
[SourceVersion "1"]
[SourceVersionDate "2017.10.13"]
[SourceQuality "1"]

1. e4 e6 2. d4 c5 3. d5 d6 4. c4 e5 5. Nc3 g6 6. Bd3 Bg7 7. Nge2 g5 8. Ng3 h5 9. Nxh5 Bh6 10. Be3 Nf6 11. Be2 Nbd7 12. Ng3 Nf8 13. Qd2 Ng8 14. Nb5 a6 15. Nc3 Ng6 16. h3 Nf4 17. Bf3 Qf6 18. 0-0-0 b5 19. cxb5 axb5 20. Nxb5 Qe7 21. Kb1 Bf8 22. Ne2 Qb7 23. Nbc3 f6 24. Bxf4 exf4 25. Bg4 Nh6 26. Bxc8 Qxc8 27. h4 Ng4 28. hxg5 Rxh1 29. Rxh1 fxg5 30. Rh7 Be7 31. Rh8+ Bf8 1-0

[Event "Manavgat Turkey Cup"]
[Site "Manavgat"]
[Date "2016.02.02"]
[Round "6"]
[White "Yildiz, Eyup Ensar"]
[Black "Oztekin, Mehmet Metin"]
[Result "0-1"]
[WhiteElo "1633"]
[BlackElo "1903"]
[PlyCount "81"]
[EventDate "2016.01.30"]
[EventType "swiss"]
[EventRounds "11"]
[EventCountry "TUR"]
[SourceTitle "CBM 170 Extra"]
[Source "ChessBase"]
[SourceDate "2016.02.25"]
[SourceVersion "1"]
[SourceVersionDate "2016.02.25"]
[SourceQuality "1"]

1. e4 c5 2. Nf3 Nc6 3. Bc4 e6 4. d4 cxd4 5. Nxd4 Nf6 6. Bg5 Qa5+ 7. Bd2 Qc5 8. Nxc6 Qxc4 9. e5 bxc6 10. exf6 Ba6 11. Nc3 Rb8 12. b3 Qd4 13. Qf3 Qe5+ 14. Qe3 Qxf6 15. Qxa7 Qe5+ 16. Qe3 Qc7 17. Ne2 Bd6 18. g3 0-0 19. 0-0 c5 20. Rfe1 Bb7 21. f3 Qc6 22. Kg2 f5 23. Bc3 Rf7 24. Rf1 Rbf8 25. Be5 Be7 26. Rad1 d6 27. Bb2 e5 28. Nc3 f4 29. Qe4 fxg3 30. hxg3 Qa6 31. Qd3 Qa8 32. Nd5 Qxa2 33. Nxe7+ Rxe7 34. Qxd6 Rfe8 35. Rb1 Rf7 36. Qxc5 Rxf3 37. Rxf3 Qxb1 38. Bxe5 Qd1 39. Qc4+ Bd5 40. Qd3 Qxd3 41. cxd3 0-1